[Event "9th Bavarian Open"]
[Site "Bad Wiessee GER"]
[Date "2005.11.06"]
[Round "9"]
[White "Donchenko,A"]
[Black "Hammer,J"]
[Result "1/2-1/2"]
[WhiteElo "2460"]
[BlackElo "2278"]

1.Nf3 d5 2.d4 Nf6 3.c4 c6 4.Qc2 g6 5.cxd5 cxd5 6.Bf4 Nc6 7.Nc3 Bg7 8.e3 O-O
9.Be2 Bf5 10.Qb3 Na5 11.Qb4 a6 12.Rc1 Rc8 13.O-O b5 14.a4 Nc6 15.Qb3 Na5
16.Qa3 Nc4 17.Qb4 Ne4 18.axb5 a5 19.Qa4 Nxb2 20.Qb3 Nc4 21.Nxd5 Ncd2 22.Rxc8 Bxc8
23.Nxd2 Nxd2 24.Qa2 Nxf1 25.Kxf1 e6 26.Nc3 e5 27.dxe5 Qc7 28.Qb2 Bb7  1/2-1/2

[Event "FSIMB November"]
[Site "Budapest HUN"]
[Date "2005.11.08"]
[Round "4"]
[White "Toth,Li"]
[Black "Galyas,M"]
[Result "1/2-1/2"]
[WhiteElo "2173"]
[BlackElo "2424"]

1.d4 d5 2.c4 c6 3.Nf3 Nf6 4.g3 Bg4 5.Ne5 Bf5 6.Bg2 e6 7.Nc3 Nbd7 8.b3 Be7
9.O-O O-O 10.Bb2 h6 11.cxd5 cxd5 12.Nxd7 Qxd7  1/2-1/2

[Event "FSIMB November"]
[Site "Budapest HUN"]
[Date "2005.11.11"]
[Round "7"]
[White "Toth,Li"]
[Black "Nagy,Ben"]
[Result "0-1"]
[WhiteElo "2173"]
[BlackElo "2327"]

1.d4 d5 2.c4 c6 3.Qc2 Nf6 4.Nf3 dxc4 5.Qxc4 Bf5 6.Nc3 e6 7.g3 b5 8.Qb3 b4
9.Na4 Be4 10.Bg2 Bd5 11.Qc2 Qa5 12.O-O Bd6 13.e3 h5 14.b3 g5 15.Bb2 Be4 16.Qd1 Nbd7
17.Rc1 h4 18.Nd2 Bxg2 19.Kxg2 Qf5 20.Rh1 h3+ 21.Kg1 Rc8 22.Qc2 Qg4 23.f3 Qh5
24.Qd1 g4 25.Kf2 Rh6 26.f4 Nd5 27.Ne4 Bb8 28.Qd3 Qf5 29.Rhe1 Kf8 30.Nec5 Qxd3
31.Nxd3 f5 32.Rc4 Ke7 33.Rec1 Kd6 34.Ne5 Nxe5 35.dxe5+ Kd7 36.Nc5+ Ke8 37.Na6 Rh7
38.Bd4 Rb7 39.Rxc6 Rxc6 40.Rxc6 Kd7 41.Nxb8+ Rxb8 42.Rd6+ Ke7 43.Rc6 Kd7
44.Rc5 Rc8 45.Rxc8 Kxc8 46.Ke2 Kb7 47.Kd3 Kc6 48.Bxa7 Nc3 49.e4 Nxe4 50.Bg1 Kd5
51.Kc2 Nc3 52.a3 Ne2 53.Bf2 bxa3 54.Kb1 Nc3+ 55.Ka1 Ke4 56.b4 Kf3  0-1

[Event "TCh-FIN 2005-6"]
[Site "Vantaa FIN"]
[Date "2005.11.12"]
[Round "5"]
[White "Kekki,P"]
[Black "Koskinen,Hen"]
[Result "1-0"]
[WhiteElo "2377"]
[BlackElo "2301"]

1.d4 d5 2.Nf3 Nf6 3.c4 c6 4.Qc2 g6 5.Bf4 Bf5 6.Qb3 Qb6 7.c5 Qxb3 8.axb3 Na6
9.Nc3 Bg7 10.e3 Nb4 11.Ra4 Nd3+ 12.Bxd3 Bxd3 13.Kd2 Bf5 14.Rha1 a6 15.Rb4 Bc8
16.h3 Nd7 17.Bc7 f6 18.Rba4 Nf8 19.Ne1 h5 20.Nd3 Ne6 21.Bh2 Bh6 22.Ke2 Kf7
23.f3 Rd8 24.Rb4 Nf8 25.Na4 Nd7 26.Nb6 Nxb6 27.Rxb6 Bf8 28.b4 e6 29.b5 cxb5
30.Rxb5 Be7 31.Rb6 g5 32.Bd6 Rd7 33.Bxe7 Kxe7 34.b4 Rc7 35.b5 Kd8 36.Ra5 Ke7
37.e4 g4 38.hxg4 hxg4 39.exd5 gxf3+ 40.gxf3 exd5 41.Nf4 Rd7 42.c6 bxc6 43.bxc6 Rd6
44.Nxd5+ Kf7 45.c7  1-0

[Event "TCh-FIN 2005-6"]
[Site "Vantaa FIN"]
[Date "2005.11.12"]
[Round "5"]
[White "Solozhenkin,E"]
[Black "Kanep,M"]
[Result "0-1"]
[WhiteElo "2495"]
[BlackElo "2512"]

1.d4 d5 2.Nf3 Nf6 3.c4 c6 4.Qb3 dxc4 5.Qxc4 Bf5 6.g3 Nbd7 7.Bg2 e6 8.O-O Be7
9.Nc3 O-O 10.Re1 Ne4 11.Qb3 Qb6 12.Nh4 Bb4 13.g4 Nxf2 14.Nxf5 exf5 15.Kxf2 Qxd4+
16.Be3 Qxg4 17.h3 Qh4+ 18.Kg1 Rae8 19.Bf2 Bc5 20.Rf1 Re6 21.Qa4 Qe7 22.Rad1 Bd6
23.Qxa7 Qg5 24.Qxb7 Be5 25.Bh4 Qxh4 26.Qxd7 Qg3 27.Rxf5 h6 28.Qd3 Qh2+ 29.Kf1 Rfe8
30.Qf3 c5 31.Nd5 Rg6 32.e3 Bxb2 33.Nf4 Rg3 34.Qb7 Rgxe3 35.Qxb2 Rf3+ 36.Bxf3 Qxb2
37.Bd5 Re7 38.Ng6 Qe2+  0-1

[Event "ch-VEN"]
[Site "Paracotos VEN"]
[Date "2005.11.13"]
[Round "9"]
[White "Semerene,D"]
[Black "Prasca,R"]
[Result "0-1"]
[WhiteElo "2299"]
[BlackElo "2448"]

1.d4 d5 2.Nf3 c6 3.c4 Nf6 4.g3 dxc4 5.Bg2 b5 6.a4 Bb7 7.b3 cxb3 8.axb5 cxb5
9.Nc3 a6 10.Qxb3 e6 11.O-O Nbd7 12.Re1 Be7 13.e4 O-O 14.e5 Nd5 15.Ne4 Qb6
16.Bg5 h6 17.Bxe7 Nxe7 18.Nd6 Bd5 19.Qd3 Nc8 20.Ne4 Ne7 21.Nd6 b4 22.Reb1 a5
23.Nd2 Bxg2 24.Kxg2 a4 25.Qb5 Qxb5 26.Nxb5 Nd5 27.Nc4 Rfb8 28.Ncd6 Ra5 29.Kf1 Raxb5
30.Nxb5 Rxb5 31.Rxa4 N7b6 32.Ra7 b3  0-1

[Event "WJun"]
[Site "Instanbul TUR"]
[Date "2005.11.21"]
[Round "12"]
[White "Magalashvili,D"]
[Black "Wang Hao"]
[Result "1/2-1/2"]
[WhiteElo "2448"]
[BlackElo "2519"]

1.c4 Nf6 2.Nf3 c6 3.d4 d5 4.Qb3 dxc4 5.Qxc4 Bf5 6.g3 e6 7.Bg2 Nbd7 8.Nc3 Be7
9.Qb3 Qb6 10.Nd2 O-O 11.Nc4 Qa6 12.e4 Bg6 13.Bg5 Rfe8 14.Bxf6 Bxf6 15.O-O-O e5
16.Nxe5 Nxe5 17.dxe5 Bxe5 18.Na4 c5 19.Kb1 Bd4 20.f3 Rad8 21.Nc3 c4 22.Qb5 Qe6
23.Ne2 Be3 24.Nf4 Bxf4 25.gxf4 f5 26.Bh3 a6 27.Qa5 b6 28.Qc3 b5  1/2-1/2

[Event "WJun Girls"]
[Site "Instanbul TUR"]
[Date "2005.11.22"]
[Round "13"]
[White "Ushenina,A"]
[Black "Bensdorp,M"]
[Result "1-0"]
[WhiteElo "2409"]
[BlackElo "2199"]

1.d4 d5 2.c4 c6 3.Nf3 Nf6 4.Qc2 dxc4 5.Qxc4 Bf5 6.g3 e6 7.Bg2 Nbd7 8.O-O Be7
9.Nc3 O-O 10.e3 Rc8 11.Nh4 Nb6 12.Qe2 Bg4 13.f3 Bh5 14.g4 Bg6 15.Nxg6 hxg6
16.f4 Nbd5 17.g5 Ne8 18.Rf3 c5 19.Nxd5 exd5 20.Rh3 Qd7 21.Qf3 Rd8 22.Qg3 Qf5
23.Bd2 c4 24.Re1 Qc2 25.Bc3 f5 26.gxf6 Nxf6 27.Rf1 Qf5 28.Bf3 Kf7 29.Qg2 Rh8
30.Rg3 Ne4 31.Bxe4 dxe4 32.Rg5 Qh3 33.Rxg6 Qxe3+ 34.Kh1 Bf6 35.d5 Qh3 36.Rxg7+ Bxg7
37.Qxg7+ Ke8 38.Qxh8+ Qxh8 39.Bxh8 Kf7 40.Be5 Rxd5 41.Re1  1-0

[Event "18th Belgrade Trophy"]
[Site "Obrenovac SCG"]
[Date "2005.11.25"]
[Round "4"]
[White "Radulovic,Du"]
[Black "Bozovic,V"]
[Result "1-0"]
[WhiteElo "2320"]
[BlackElo "2183"]

1.c4 Nf6 2.Nf3 c6 3.d4 d5 4.Qb3 dxc4 5.Qxc4 Bf5 6.g3 e6 7.Bg2 Nbd7 8.O-O Be7
9.Nc3 O-O 10.Re1 Nb6 11.Qb3 Ne4 12.Bf4 Nxc3 13.bxc3 Be4 14.a4 Qd5 15.Qa2 Nc4
16.Bf1 b5 17.Nd2 Nxd2 18.Qxd2 a5 19.f3 Bg6 20.e4 Qd7 21.Reb1 b4 22.cxb4 axb4
23.Rxb4 Bxb4 24.Qxb4 f5 25.exf5 Rxf5 26.a5 Qa7 27.a6 e5 28.Be3 Rxf3 29.Ra3 Raf8
30.Bc4+ Bf7 31.Be2 Rxe3 32.Rxe3 exd4 33.Re7 Qa8 34.Qb7 Qd8 35.Rxf7  1-0

[Event "18th Belgrade Trophy"]
[Site "Obrenovac SCG"]
[Date "2005.11.25"]
[Round "4"]
[White "Kozhuharov,S"]
[Black "Ruzicic,S"]
[Result "1-0"]
[WhiteElo "2419"]
[BlackElo "2125"]

1.d4 d5 2.c4 c6 3.Nf3 Nf6 4.Qc2 g6 5.g3 Bg7 6.Bg2 O-O 7.O-O Bf5 8.Qb3 Qb6
9.Nc3 Qxb3 10.axb3 Ne4 11.cxd5 Nxc3 12.bxc3 cxd5 13.Ne5 e6 14.c4 Nc6 15.Bb2 Nxe5
16.dxe5 Rfd8 17.cxd5 exd5 18.Bd4 a6 19.Ra5 Be6 20.Rc1 Rac8 21.Rac5 Rxc5 22.Rxc5 Bf8
23.Rc7 b5 24.Ra7 Rc8 25.f4 Bc5 26.Bxc5 Rxc5 27.Rxa6 Rc3 28.Rd6 Rxb3 29.Bxd5 Bxd5
30.Rxd5 Kf8 31.Rd7 Ke8 32.e6 fxe6 33.Rxh7 Kf8 34.Kf2 b4 35.Rb7 Rb1 36.Kf3 b3
37.Ke4 b2 38.Ke5 Rh1 39.Rxb2 Rxh2 40.Kf6  1-0

[Event "18th Belgrade Trophy"]
[Site "Obrenovac SCG"]
[Date "2005.11.26"]
[Round "5"]
[White "Hrzic,I"]
[Black "Pushkov,N"]
[Result "0-1"]
[WhiteElo "2286"]
[BlackElo "2448"]

1.Nf3 d5 2.d4 Nf6 3.g3 c6 4.c4 dxc4 5.Bg2 Nbd7 6.a4 a5 7.Na3 Nb6 8.Ne5 Be6
9.e4 Nfd7 10.O-O Nxe5 11.dxe5 Qxd1 12.Rxd1 Nxa4 13.Be3 f6 14.Bf1 b5 15.b3 Nc3
16.Rdc1 cxb3 17.Rxc3 b4 18.Rxc6 b2 19.Rd1 bxa3 20.Rxe6 Rd8 21.Rxd8+ Kxd8
22.Rb6 a2 23.Rxb2 a1=Q 24.Rd2+ Kc7 25.e6 g5 26.f4 Bh6 27.Rd7+ Kc6 28.Kf2 gxf4
29.gxf4 Qa2+  0-1

[Event "TCh-HUN 2005-6"]
[Site "Hungary HUN"]
[Date "2005.11.27"]
[Round "4"]
[White "Kovacs,Ga2"]
[Black "Varga,Zo"]
[Result "0-1"]
[WhiteElo "2457"]
[BlackElo "2525"]

1.d4 d5 2.c4 dxc4 3.Nf3 c6 4.e3 b5 5.a4 e6 6.axb5 cxb5 7.b3 Bb4+ 8.Bd2 Bxd2+
9.Nbxd2 a5 10.bxc4 b4 11.Ne5 Nf6 12.Bd3 O-O 13.O-O Bb7 14.f4 Nbd7 15.Qc2 g6
16.Ndf3 Nxe5 17.fxe5 Ng4 18.Qd2 b3 19.h3 Bxf3 20.Rxf3 Nxe5 21.dxe5 a4 22.Qc3 Qc7
23.c5 Ra5 24.Rf4 a3 25.Qxb3 Qxe5 26.Ra2 Rb8 27.Qc4 Qxe3+ 28.Kh2 Rxc5 29.Qd4 Qxd4
30.Rxd4 Rc3 31.Be2 Rb2 32.Rd2 Rxa2 33.Rxa2 f5 34.Rd2 Rc8 35.Bf3 e5 36.Bb7 Rc7
37.Rd8+ Kg7 38.Bd5 e4 39.Rd6 h6 40.Rb6 Rc5 41.Bb3 Rc3 42.Bd5 g5 43.Ra6 h5
44.g3 e3 45.Kg2 e2 46.Kf2 Re3 47.Ke1 Rxg3 48.Kxe2 Rxh3 49.Be6 Rc3 50.Bxf5 g4
51.Rg6+ Kf8 52.Rf6+ Ke7 53.Re6+ Kd8 54.Ra6 g3 55.Be4 h4 56.Rh6 Rc4 57.Bf5 Rf4
58.Be6 g2 59.Rg6 Rf6 60.Rg8+ Ke7 61.Bd5 h3 62.Bxg2 a2 63.Rg7+ Kf8  0-1

[Event "TCh-HUN 2005-6"]
[Site "Hungary HUN"]
[Date "2005.11.27"]
[Round "4"]
[White "Toth,Li"]
[Black "Domany,Z"]
[Result "1-0"]
[WhiteElo "2173"]
[BlackElo "2153"]

1.d4 d5 2.c4 c6 3.Qc2 Nf6 4.Nf3 e6 5.Bg5 Nbd7 6.cxd5 exd5 7.Nc3 Be7 8.e3 O-O
9.Bd3 Re8 10.Bf4 Nf8 11.O-O Nh5 12.Bg3 Nxg3 13.hxg3 Bf6 14.b4 Be6 15.Na4 b6
16.Rfc1 Qd6 17.Rab1 Rac8 18.Rb3 g6 19.a3 Nd7 20.Rc3 Nb8 21.Qb1 Rc7 22.R1c2 Qd7
23.b5 c5 24.dxc5 Bxc3 25.c6 Qc8 26.Rxc3 Bg4 27.Nd4 Re5 28.Qc2 Qf8 29.Be2 Bc8
30.Nb2 h5 31.Nd3 Re8 32.Nf4 Qd6 33.Bf3 Re5 34.Qb3 Bg4 35.Nxd5 Bxf3 36.Nxc7 Bg4
37.Na6 Nxa6 38.bxa6 Bc8 39.Nb5 Qe7 40.c7 Rc5 41.Rxc5 Qxc5 42.Qd3 Bxa6 43.Qd8+ Kh7
44.Nxa7 Qxa3 45.c8=Q Bxc8 46.Nxc8 b5 47.Ne7 Qa1+ 48.Kh2 Qf6 49.f4 Qg7 50.Qb8 f5
51.Nd5 Qb2 52.Qc7+ Qg7 53.Qxg7+ Kxg7 54.Kh3 Kf7 55.Kh4  1-0

[Event "18th Belgrade Trophy"]
[Site "Obrenovac SCG"]
[Date "2005.11.27"]
[Round "6"]
[White "Becelic,D"]
[Black "Tomic,M"]
[Result "1/2-1/2"]
[WhiteElo "2114"]
[BlackElo "2103"]

1.d4 d5 2.Nf3 c6 3.c4 Nf6 4.Qc2 e6 5.Nbd2 Nbd7 6.a3 Bd6 7.e4 dxe4 8.Nxe4 Nxe4
9.Qxe4 Nf6 10.Qc2 h6 11.Bd3 O-O 12.b4 a5 13.c5 Bb8 14.Rb1 b5 15.O-O axb4
16.axb4 Re8 17.Rd1 Re7 18.Ne5 Bd7 19.Qe2 Be8 20.Qf3 Nd5 21.Bd2 Rea7 22.Rb3 Qf6
23.Qe4 Kf8 24.Bb1 Ra3 25.Rxa3 Rxa3 26.g3 Bxe5 27.dxe5 Qf3 28.Qxf3 Rxf3  1/2-1/2

[Event "ch-ROM w"]
[Site "Baile Tusnad ROM"]
[Date "2005.11.30"]
[Round "5"]
[White "Ciobanu,C"]
[Black "Traistaru,T"]
[Result "1/2-1/2"]
[WhiteElo "2262"]
[BlackElo "2086"]

1.d4 d5 2.c4 c6 3.Nf3 Nf6 4.Qc2 e6 5.cxd5 exd5 6.Nc3 Bd6 7.Bg5 Nbd7 8.e3 O-O
9.Bd3 h6 10.h4 Qa5 11.O-O-O b5 12.g4 b4 13.Nb1 Qxa2 14.Bxf6 Nxf6 15.g5 b3
16.Qe2 Ne4 17.gxh6 g6 18.Rdg1 Bf5 19.h5 c5 20.hxg6 cxd4 21.h7+ Kg7 22.Nxd4 Rac8+
23.Kd1 Bxg6 24.Rxg6+ fxg6 25.Ne6+ Kh8 26.Nxf8 Rxf8 27.f3 Ng3 28.Qh2 Nxh1
29.Qxd6 Nf2+ 30.Ke2 Qxb2+ 31.Nd2 Rf6 32.Qxd5 Kxh7 33.Bc4 Rf5 34.Qd7+ Qg7
35.Qxg7+ Kxg7 36.Kxf2 b2 37.Ke2 a5 38.Bd3 Rc5 39.Nb1 Kf6 40.f4 g5 41.fxg5+ Kxg5
42.Kd2 Kf6 43.Nc3 Ke5 44.Na4 Rb5 45.Bb1 Rb4 46.Nc5 Rb5 47.Nd3+ Kd5  1/2-1/2

[Event "ch-ROM w"]
[Site "Baile Tusnad ROM"]
[Date "2005.12.02"]
[Round "7"]
[White "Olarasu,G"]
[Black "Traistaru,T"]
[Result "0-1"]
[WhiteElo "2323"]
[BlackElo "2086"]

1.d4 d5 2.c4 c6 3.Nf3 Nf6 4.Qc2 e6 5.e3 Nbd7 6.Nc3 Bd6 7.b3 O-O 8.Bb2 dxc4
9.bxc4 e5 10.Be2 Re8 11.O-O exd4 12.exd4 Nf8 13.Rfe1 Bg4 14.h3 Bh5 15.Ng5 Bxe2
16.Rxe2 Rxe2 17.Qxe2 Ng6 18.Nce4 Nxe4 19.Nxe4 Qe7 20.Qd3 Nf4 21.Qf3 Re8 22.Re1 Qd7
23.Re3 Ng6 24.Qe2 Re7 25.Nxd6 Qxd6 26.Ba3 Qxa3 27.Rxa3 Rxe2 28.Rxa7 Rc2 29.c5 Rc4
30.Rxb7 Rxd4 31.Rb6 Ra4 32.Rxc6 Rxa2 33.Rc7 Rc2 34.g3 Nf8 35.Kg2 g6 36.h4 Kg7
37.h5 gxh5 38.Rc8 Ne6 39.c6 Nd4 40.Rd8 Nxc6 41.Rd5 Kg6 42.Kh3 Rxf2  0-1

[Event "FSGMA December"]
[Site "Budapest HUN"]
[Date "2005.12.07"]
[Round "5"]
[White "Porat,S"]
[Black "Gonda,L"]
[Result "1-0"]
[WhiteElo "2444"]
[BlackElo "2448"]

1.d4 d5 2.c4 c6 3.Nf3 dxc4 4.Nc3 Nf6 5.a4 Bf5 6.Ne5 Nbd7 7.Nxc4 Qc7 8.g3 e5
9.dxe5 Nxe5 10.Bf4 Nfd7 11.Bg2 g5 12.Ne3 gxf4 13.Nxf5 O-O-O 14.Qc2 Nc5 15.O-O Ne6
16.Qe4 fxg3 17.hxg3 a5 18.Nb5 cxb5 19.axb5 Nc5 20.Qe3 Ncd7 21.Qa7 Nc4 22.Rac1 Bc5
23.Ne7+ Bxe7 24.Rxc4 Bc5 25.Rfc1 Qb8 26.Rxc5+ Nxc5 27.Bh3+  1-0

[Event "12th Open"]
[Site "Zadar CRO"]
[Date "2005.12.13"]
[Round "3"]
[White "Brulic,D"]
[Black "Feletar,D"]
[Result "1/2-1/2"]
[WhiteElo "2247"]
[BlackElo "2394"]

1.d4 d5 2.Nf3 c6 3.Nbd2 Nf6 4.c4 e6 5.g3 c5 6.cxd5 Nxd5 7.Bg2 Nc6 8.dxc5 Bxc5
9.O-O O-O 10.Qc2 Be7 11.Nc4 Bd7 12.Rd1 Rc8 13.e4 Na5 14.exd5 exd5 15.Rxd5 Nxc4
16.Qd3 Nb6 17.Rd4 Bf6 18.Rd6 Be7 19.Rd4 Bf6 20.Rd6 Be7 21.Rd4 Bf6  1/2-1/2

[Event "12th Open"]
[Site "Zadar CRO"]
[Date "2005.12.16"]
[Round "7"]
[White "Rusev,K"]
[Black "Feletar,D"]
[Result "0-1"]
[WhiteElo "2434"]
[BlackElo "2394"]

1.d4 d5 2.c4 c6 3.Nd2 Nf6 4.Ngf3 g6 5.e3 Bg7 6.Be2 O-O 7.O-O a5 8.b3 Bf5
9.a3 Ne4 10.Bb2 Nd7 11.Nh4 Nxd2 12.Qxd2 Be6 13.Bd3 a4 14.e4 axb3 15.exd5 cxd5
16.c5 Qc7 17.Rac1 Nb8 18.Nf3 Nc6 19.Rfe1 Bg4 20.Ne5 Nxe5 21.dxe5 Bd7 22.Qb4 e6
23.g3 Rfc8 24.h4 Bh6 25.h5 Ra4 26.Qxb3 Bxc1 27.Rxc1 Bc6 28.Qd1 d4 29.Qe2 Qd7
30.f3 Rca8 31.Kf2 Rxa3 32.Bxa3 Rxa3 33.g4 Qd5 34.Kg3 Kg7 35.Rd1 h6 36.Kf4 g5+
37.Kg3 Rc3 38.f4 Qe4 39.Qf2 Rxd3+  0-1

[Event "5th Amplico AIG Life"]
[Site "Warsaw POL"]
[Date "2005.12.17"]
[Round "7"]
[White "Malaniuk,V"]
[Black "Gajewski,G"]
[Result "1-0"]
[WhiteElo "2526"]
[BlackElo "2461"]

1.d4 d5 2.c4 c6 3.Nf3 dxc4 4.e3 Be6 5.a4 Nf6 6.Na3 Bd5 7.Nxc4 e6 8.Bd3 c5
9.O-O cxd4 10.Nxd4 Be7 11.Qe2 O-O 12.Rd1 Nbd7 13.e4 Bxc4 14.Bxc4 Qc7 15.Nb5 Qc6
16.Bf4 a6 17.Nd4 Qxe4 18.Qxe4 Nxe4 19.Nxe6 fxe6 20.Rxd7 Rxf4 21.Rxe7 Nc5
22.Rc1 Rd8 23.g3 Re4 24.a5 Rd7 25.Re8+ Kf7 26.Rc8 Na4 27.Rc2 Re1+ 28.Kg2 Re5
29.b3 Nc5 30.f4  1-0

[Event "5th Amplico AIG Life"]
[Site "Warsaw POL"]
[Date "2005.12.17"]
[Round "8"]
[White "Grycel,K"]
[Black "Lubczynski,R"]
[Result "1-0"]
[WhiteElo "2282"]
[BlackElo "2361"]

1.d4 d5 2.c4 c6 3.Nf3 dxc4 4.e3 Be6 5.a4 Nf6 6.Na3 a5 7.Nxc4 Na6 8.Be2 Bd5
9.O-O e6 10.Nfe5 Be7 11.Nd2 O-O 12.f3 c5 13.e4 Bc6 14.Nxc6 bxc6 15.dxc5 Bxc5+
16.Kh1 Nb4 17.Nb3 Bb6 18.Bg5 Qc7 19.Qc1 Ne8 20.Qf4 f6 21.Rac1 Kf7 22.Rc4 Na6
23.Rfc1 Nb4 24.Rd1  1-0

[Event "14th Donau Open"]
[Site "Aschach AUT"]
[Date "2005.12.26"]
[Round "1"]
[White "Cifka,S"]
[Black "Raber,F"]
[Result "1-0"]
[WhiteElo "2315"]
[BlackElo "2065"]

1.d4 d5 2.Nf3 c6 3.c4 dxc4 4.e4 b5 5.a4 e6 6.b3 Bb4+ 7.Bd2 Bxd2+ 8.Qxd2 a5
9.bxc4 b4 10.Bd3 e5 11.dxe5 Be6 12.O-O Nd7 13.Qe3 Qb6 14.Qg5 Ne7 15.Nbd2 Nc5
16.Be2 Ng6 17.h4 h6 18.Qe3 Nd7 19.Nd4 Ngxe5 20.f4 Ng4 21.Bxg4 Bxg4 22.N2b3 O-O
23.e5 Rfd8 24.Rae1 Be6 25.c5 Qc7 26.Nxe6 fxe6 27.f5 exf5 28.Rxf5 Re8 29.e6 Re7
30.Nd4 Nf6 31.Rxf6 gxf6 32.Nf5 Rae8 33.Nxe7+ Rxe7  1-0

[Event "Open A"]
[Site "Bethune FRA"]
[Date "2005.12.27"]
[Round "2"]
[White "Peek,Mar"]
[Black "Guilbert,J"]
[Result "1-0"]
[WhiteElo "2373"]
[BlackElo "2057"]

1.d4 d5 2.c4 c6 3.Nf3 dxc4 4.e3 Be6 5.Nc3 Nf6 6.Ng5 Bd5 7.e4 h6 8.exd5 hxg5
9.dxc6 Nxc6 10.d5 Na5 11.Bxg5 a6 12.g3 g6 13.Bg2 Bh6 14.Bxh6 Rxh6 15.O-O Rc8
16.Re1 Kf8 17.Qd4 Qd6 18.Rad1 b5 19.Qd2 Rh5 20.Nxb5 axb5 21.Qxa5 b4 22.a3 bxa3
23.Qxa3 Qxa3 24.bxa3 Rc5 25.d6 exd6 26.Rxd6 Nd5 27.Rd8+ Kg7 28.Bf3 Rf5 29.Bxd5 Rfxd5
30.Rxd5 Rxd5 31.Kf1 Ra5 32.Re3 Rb5 33.Ke1 Rb1+ 34.Kd2 Rb2+ 35.Kc3 Rxf2 36.h3 f5
37.Kxc4 g5 38.a4 Rh2 39.g4 f4 40.Ra3 Rg2 41.Kd4 Kf6 42.Ra1 Rg3 43.a5 Rxh3
44.a6 Rh8 45.a7 Ra8 46.Ra6+ Ke7 47.Ke4 Kf8 48.Ra5 Ke8 49.Re5+ Kf8 50.Rf5+ Ke8
51.Ra5 Kf8 52.Ra2 Kg7 53.Ra6 Kf8 54.Ra1 Kg7 55.Kd5 f3 56.Kc6 Kf6 57.Ra5 Ke6
58.Kb7  1-0

[Event "Czech Chess Christmas"]
[Site "Litomysl CZE"]
[Date "2005.12.27"]
[Round "2"]
[White "Cerveny,P"]
[Black "Kantorik,M"]
[Result "1-0"]
[WhiteElo "2142"]
[BlackElo "2326"]

1.d4 d5 2.Nf3 Nf6 3.c4 c6 4.Qc2 e6 5.g3 Nbd7 6.Bg2 Be7 7.O-O O-O 8.Nbd2 b6
9.e4 dxe4 10.Nxe4 Bb7 11.Ne5 Nxe5 12.dxe5 Nxe4 13.Bxe4 g6 14.Be3 Qc7 15.f4 Rfd8
16.Rfd1 c5 17.Kf1 Bc6 18.Qg2 Bxe4 19.Qxe4 a6 20.b3 b5 21.Ke2 h5 22.h3 Rab8
23.Rac1 bxc4 24.Rxc4 Rd5 25.g4 hxg4 26.hxg4 Rbd8 27.Rh1 Qd7 28.Rcc1 Rd2+
29.Kf3 Rxa2 30.f5 Qd3 31.Qxd3 Rxd3 32.f6 Bf8 33.Rh3 Rxb3 34.Rch1 Rxe3+ 35.Kxe3 Ra3+
36.Ke4 Rxh3 37.Rxh3 c4 38.Kd4 Bb4 39.Kxc4 a5 40.Rd3 g5 41.Rh3 Bd2 42.Kb5 Bf4
43.Rh5 Bd2 44.Ka4 Bc3 45.Rxg5+ Kf8 46.Rh5 Ke8 47.Rh8+ Kd7 48.Rf8 Bxe5 49.Rxf7+ Kd6
50.g5  1-0

[Event "Czech Chess Christmas"]
[Site "Litomysl CZE"]
[Date "2005.12.27"]
[Round "2"]
[White "Jurkiewicz,K1"]
[Black "Cernousek,L"]
[Result "0-1"]
[WhiteElo "2151"]
[BlackElo "2379"]

1.d4 d5 2.c4 c6 3.Nf3 Nf6 4.Qc2 e6 5.Bf4 dxc4 6.Qxc4 b5 7.Qc2 Bb7 8.Nc3 Nbd7
9.g3 c5 10.dxc5 Bxc5 11.Bg2 Rc8 12.Qb3 Qb6 13.O-O Ng4 14.e3 e5 15.Rad1 Bc6
16.Bg5 h6 17.h3 Qb7 18.hxg4 Bxf3 19.Bxf3 Qxf3 20.Bh4 g5 21.Rxd7 Kxd7 22.Rd1+ Ke7
23.Qxb5 Rhd8 24.Rxd8 Kxd8 25.Qd3+ Ke8 26.Ne4 Be7  0-1

[Event "14th Donau Open"]
[Site "Aschach AUT"]
[Date "2005.12.31"]
[Round "7"]
[White "Ruether,R"]
[Black "Videki,S"]
[Result "0-1"]
[WhiteElo "2188"]
[BlackElo "2406"]

1.d4 d5 2.Nf3 c6 3.c4 dxc4 4.a4 Bg4 5.Ne5 Bh5 6.Nc3 e6 7.g3 Ne7 8.g4 Bg6
9.Bg2 Nd5 10.Nxc4 Nb4 11.Ne3 h5 12.gxh5 Rxh5 13.b3 N8a6 14.Bb2 Qh4 15.Qd2 O-O-O
16.Rd1 Nc5  0-1

[Event "Xstrata ch-AUS 2006"]
[Site "Brisbane AUS"]
[Date "2005.12.31"]
[Round "4"]
[White "Caoili,A"]
[Black "Wallis,C"]
[Result "1-0"]
[WhiteElo "2207"]
[BlackElo "2114"]

1.d4 d5 2.Nf3 Nf6 3.c4 c6 4.Qc2 g6 5.Bf4 Bf5 6.Qb3 Qb6 7.c5 Qxb3 8.axb3 Nbd7
9.Nc3 a6 10.b4 Rc8 11.h3 Bg7 12.e3 h6 13.Nd2 g5 14.Bh2 g4 15.Nb3 Ra8 16.b5 cxb5
17.Bxb5 Rc8 18.hxg4 Bxg4 19.Bd3 O-O 20.Na5 b6 21.cxb6 Nxb6 22.Bxa6 Ra8 23.Bb7 Rae8
24.Bc7 Na8 25.Be5 Nb6 26.Bxf6 Bxf6 27.Nxd5 Nxd5 28.Bxd5 e5 29.Rxh6 Kg7 30.dxe5 Rxe5
31.Rxf6 Kxf6 32.e4 Rh5 33.Kd2 Be6 34.Bxe6 Kxe6 35.Nc4 Rh2 36.Ra6+ Ke7 37.Ne3 Rb8
38.b4 Ke8 39.Ra4 Kd7 40.Ke2 Kc6 41.Kf3 Rb7 42.Nd5 Kd6 43.Ra5 Ke5 44.Ke3 Ke6
45.g4 Rh3+ 46.f3 Rh8 47.b5 Rhb8 48.Ra6+ Kd7 49.b6 Kd6 50.Ra1 Rxb6 51.Nxb6 Rxb6
52.Kf4 Ke6 53.Rh1 Rb5 54.Rh6+ Ke7 55.e5 Rb3 56.Rf6 Ra3 57.Kg5 Re3 58.f4 Rh3
59.Kf5 Rf3 60.Ra6 Rf1 61.Ra7+ Kf8 62.Kg5 Rf3 63.f5 Rh3 64.f6 Ke8 65.Re7+ Kf8
66.e6 fxe6 67.Rxe6 Rg3 68.Re7 Rg1 69.Kf5 Rf1+ 70.Kg6 Rg1 71.g5 Rg2 72.Ra7  1-0

[Event "Xstrata ch-AUS 2006"]
[Site "Brisbane AUS"]
[Date "2006.01.04"]
[Round "7"]
[White "Bird,A"]
[Black "Goldenberg,I"]
[Result "0-1"]
[WhiteElo "2146"]
[BlackElo "2335"]

1.Nf3 Nf6 2.c4 c6 3.d4 d5 4.Qc2 g6 5.Bf4 Bg7 6.e3 Bf5 7.Qb3 Qb6 8.Nc3 Nbd7
9.h3 h6 10.c5 Qxb3 11.axb3 g5 12.Bh2 O-O 13.b4 a6 14.Be2 Rfe8 15.O-O Nh7
16.g4 Bg6 17.h4 e5 18.h5 Be4 19.Nxe5 Nxe5 20.Bxe5 Bxe5 21.dxe5 Rxe5 22.Rfc1 Nf8
23.b5 cxb5 24.Nxb5 Ne6 25.c6 bxc6 26.Rxc6 d4 27.Rcxa6 Rxa6 28.Rxa6 d3 29.Bxd3 Bxd3
30.Ra8+ Kg7 31.Nc3 Be4 32.Ra4 Bf3 33.Kh2 Nc5 34.Rc4 Ne4 35.Nxe4 Rxe4 36.Rxe4 Bxe4
37.Kg3 f6 38.f3 Bb7 39.Kf2 Kf7 40.b4 Ke6 41.e4 Ke5 42.Ke3 Ba8 43.b5 Bb7 44.Kd3 Kf4
45.Ke2 Bc8 46.Kf2 Bd7 47.b6 Bc8 48.Ke2 Bb7 49.Kf2 Ba6 50.Kg2 Ke3 51.Kg3 Bb7
52.Kg2 Ke2 53.Kg3 Kf1 54.f4 Bxe4 55.fxg5 fxg5  0-1

[Event "14th Bieze"]
[Site "Arnhem NED"]
[Date "2006.01.07"]
[Round "1"]
[White "Mchedlishvili,M"]
[Black "Sprangers,R"]
[Result "1-0"]
[WhiteElo "2564"]
[BlackElo "2127"]

1.d4 d5 2.c4 c6 3.Nf3 Nf6 4.Qb3 e6 5.Bg5 Nbd7 6.Nc3 Qa5 7.e3 Ne4 8.Bh4 Bb4
9.Rc1 Nb6 10.Bd3 dxc4 11.Bxc4 Na4 12.O-O Naxc3 13.bxc3 Nxc3 14.a3 Qxa3 15.Rxc3 Qxb3
16.Rxb3 Be7 17.Bxe7 Kxe7 18.Ra1 b5 19.Be2 f6 20.Rba3 a6 21.Nd2 Kd6 22.Bf3 Kc7
23.Nb3 Kb6 24.Rc1 Bb7 25.Nc5 Rhc8 26.Rac3 a5 27.Nxb7  1-0

[Event "8th Hilton Schachfestival"]
[Site "Basel SUI"]
[Date "2006.01.07"]
[Round "7"]
[White "Nemet,I"]
[Black "Haenggi,Mark"]
[Result "1-0"]
[WhiteElo "2373"]
[BlackElo "2051"]

1.d4 d5 2.Nf3 c6 3.c4 dxc4 4.a4 e6 5.Na3 Nf6 6.Nxc4 Nbd7 7.g3 Ne4 8.Bg2 b5
9.Ncd2 Ndf6 10.Nxe4 Nxe4 11.O-O Bb7 12.Ne5 f5 13.e3 g6 14.Qd3 Qd5 15.Rd1 Bd6
16.f3 Nc5 17.dxc5 Bxe5 18.f4  1-0

[Event "Petrovskaya Ladya IM"]
[Site "Peterhof RUS"]
[Date "2006.01.08"]
[Round "6"]
[White "Drugov,P"]
[Black "Itkis,B"]
[Result "1/2-1/2"]
[WhiteElo "2318"]
[BlackElo "2474"]

1.d4 d5 2.c4 c6 3.Nf3 dxc4 4.e3 Be6 5.Qc2 Nf6 6.Bxc4 Bxc4 7.Qxc4 e6 8.O-O Be7
9.Nc3 Nbd7 10.Rd1 O-O 11.e4 Rc8  1/2-1/2

[Event "Keres Mem A"]
[Site "Tallin EST"]
[Date "2006.01.10"]
[Round "4"]
[White "Sakalauskas,V"]
[Black "Starostits,I"]
[Result "1/2-1/2"]
[WhiteElo "2464"]
[BlackElo "2493"]

1.d4 d5 2.c4 dxc4 3.Nf3 c6 4.e3 Be6 5.Nc3 b5 6.a4 b4 7.Ne4 Nf6 8.Nxf6+ exf6
9.Bd2 Nd7 10.Rc1 Nb6 11.a5 c3 12.bxc3 Nc4 13.Bxc4 Bxc4 14.cxb4 Bb5 15.Ng1 Bd6
16.Ne2 Qe7 17.Rb1 O-O 18.O-O Rab8 19.Re1 f5 20.Qc2 Qh4 21.h3 Qf6 22.Nc3 Bc4
23.Ne4 fxe4 24.Qxc4 Rb5 25.Rec1 Rg5 26.Qf1 Rb8 27.Kh1 h5 28.Rxc6 Rbb5 29.Rc5 Bxc5
30.Qxb5 Qxf2 31.Qf1 Qxf1+ 32.Rxf1 Bd6 33.Rb1 Rb5 34.Kg1 f5 35.Rc1 Kf7 36.Rc6 Ke6
37.Ra6 Rb7 38.Kf2 g5 39.Ke2 Kd5 40.Kd1 f4 41.Ke2 Bxb4 42.Rg6 Be7 43.exf4 Rb2
44.Kd1 Kxd4 45.Rg7 Kd3 46.Rxe7 Rxd2+ 47.Ke1 Rxg2 48.fxg5 Rxg5 49.Rxa7 Ke3
50.Kf1 Rf5+ 51.Kg2 h4 52.a6 Rg5+ 53.Kh2 Ra5 54.Ra8 Ra2+ 55.Kg1 Ke2 56.a7 e3
57.Kh1 Ra5 58.Kh2 Ra6 59.Kh1 Ra3 60.Kg2 Ra1 61.Kh2 Ra5 62.Kh1  1/2-1/2

[Event "4th Parsvnath Open"]
[Site "New Delhi IND"]
[Date "2006.01.15"]
[Round "2"]
[White "Raetsky,A"]
[Black "Sandeep,Y"]
[Result "1-0"]
[WhiteElo "2431"]
[BlackElo "2223"]

1.d4 d5 2.c4 c6 3.Nf3 Nf6 4.Qc2 e6 5.g3 Nbd7 6.Bg2 Be7 7.O-O O-O 8.Nbd2 b6
9.b3 Ba6 10.e4 dxe4 11.Nxe4 Nxe4 12.Qxe4 Bb7 13.Bb2 Qc7 14.Rad1 Nf6 15.Qc2 Rad8
16.c5 b5 17.a3 Nd5 18.Ne5 Bf6 19.Rfe1 Rfe8 20.Be4 g6 21.h4 Bxe5 22.dxe5 Qe7
23.Bc1 Qf8 24.Bg5 Rd7 25.Qc1 f6 26.exf6 Nxf6 27.Bxf6 Rxd1 28.Rxd1 Qxf6 29.Qg5 Qxg5
30.hxg5 Kf7 31.Rd6 Ke7 32.Bxc6 Bxc6 33.Rxc6 Kd7 34.Ra6 Ra8  1-0